| 000 | 00822cam a2200265 i 4500 | ||
|---|---|---|---|
| 001 | 200462770 | ||
| 003 | TR-AnTOB | ||
| 005 | 20241017091421.0 | ||
| 007 | ta | ||
| 008 | 021113s1998 tu o 000 0 tur d | ||
| 040 |
_aZCU _beng _erda _cZCU _dTOQ _dBGZ _dTR-AnTOB |
||
| 041 | 0 | _atur | |
| 050 | 4 |
_aDR592.K4 _bA8388758 1998 |
|
| 090 |
_aDR592.K4 _bA8388758 1998 |
||
| 245 | 1 | 0 |
_aAtatürk ve vecizeleri / _chazırlayan Türk Hava Kuvvetleri. |
| 264 | 1 |
_aAnkara : _bHava Kuvvetleri Komutanlığı, _c1998. |
|
| 300 |
_a75 pages : _bphotographs ; _c20 cm |
||
| 336 |
_atext _btxt _2rdacontent |
||
| 337 |
_aunmediated _bn _2rdamedia |
||
| 338 |
_avolume _bnc _2rdacarrier |
||
| 600 | 1 | 0 |
_aAtatürk, Mustafa Kemal _d1881-1938 _920781 |
| 710 | 2 |
_aTurkey. _bHava Kuvvetleri _960147 |
|
| 942 |
_2lcc _cBK |
||
| 999 |
_c200462770 _d80982 |
||